000 00509nam a2200169Ia 4500
003 GCL
008 140319s9999 xx 000 0 ara d
040 _aGCL /
_cGCL
082 0 4 _a811.5
_bع ب
100 1 _aعبدالله التطاوى
245 1 0 _aبائية ابى تمام : قراءة نقدية تاريخية /
_cعبدالله التطاوى
300 _a194 ص
490 _a
650 0 4 _aالادب العربى
650 0 4 _aالشعر العربى - تاريخ ونقد
942 _2ddc
_cBK
999 _c41687
_d41687